000 01089cam a2200313 i 4500
001 111778
005 20230410103914.0
008 130802s2011 enka 000 0 eng
020 _a9781848857605
041 0 _aeng
050 1 4 _a432 DS 98.6
_bD154s 2011
100 1 _aDam, Nikolaos Van
245 1 4 _aThe struggle for power in Syria :
_bpolitics and society under Asad and the Ba'th Party/
_cNikolaos Van Dam
250 _a4th ed.
260 _aLondon :
_bI.B. Tauris,
_c2011.
300 _axiii, 255 p. :
_bmaps ;
_c22 cm.
505 0 _aIncludes bibliographical references and index. Previous ed.: 1996. Formerly CIP.
651 0 _aSyria
_xPolitics and government.
650 0 _aMinorities
_zSyria.
650 0 _aAssad, Hafez, 1930-2000.
650 0 _aSyria
_xKings and rulers.
650 0 _aSyria
_xPolitics and government
_y1971-2000.
650 0 _aSyria
_xPolitics and government
_y2000-
650 0 _aSyria
_xSocial conditions.
651 4 _aSiria
_xPolítica y gobierno
_y2000-
651 4 _aSiria
_xPolítica y gobierno
_y1971-2000-
942 _2lcc
_cbk
946 _almd
999 _c28170
_d28170